Nominations Oscar miglior film '90s - Statistics

Statistiche generali
  • Questo quiz è stato fatto 174 volte
  • Il punteggio medio è 11 su 50
Statistiche sulle risposte
Hint Director / Actor Risposta % Corretto
1998 Roberto Benigni La vita è bella
76%
1994 Tom Hanks Forrest Gump
71%
1990 Kevin Costner Balla coi lupi
68%
1997 James Cameron Titanic
65%
1994 Quentin Tarantino Pulp Fiction
64%
1991 Anthony Hopkins Il silenzio degli innocenti
62%
1990 Francis Ford Coppola Il padrino - Parte III
47%
1995 Massimo Troisi Il Postino
40%
1998 Gwyneth Paltrow Shakespeare in Love
36%
1990 Martin Scorsese Quei bravi ragazzi
35%
1998 Steven Spielberg Salvate il soldato Ryan
27%
1997 Robin Williams Will Hunting - Genio ribelle
25%
1999 Sam Mendes American Beauty
23%
1997 Helen Hunt Qualcosa è cambiato
23%
1994 Hugh Grant Quattro matrimoni e un funerale
23%
1999 Michael Clarke Duncan Il miglio verde
21%
1996 Anthony Minghella Il paziente inglese
20%
1999 Bruce Willis Il sesto senso
20%
1996 Joel Coen Fargo
18%
1992 Clint Eastwood Gli spietati
17%
1998 Terrence Malick La sottile linea rossa
17%
1994 Tim Robbins Le ali della libertà
17%
1993 Jane Campion Lezioni di piano
17%
1998 Cate Blanchett Elizabeth
15%
1993 Tommy Lee Jones Il fuggitivo
15%
1995 Ron Howard Apollo 13
14%
1995 Mel Gibson Braveheart - Cuore impavido
14%
1996 Geoffrey Rush Shine
13%
1996 Cuba Gooding Jr. Jerry Maguire
12%
1997 Kim Basinger L.A. Confidential
12%
1995 Ang Lee Ragione e sentimento
11%
1993 Liam Neeson Schindler's List - La lista di Schindler
11%
1992 Emma Thompson Casa Howard
10%
1997 Robert Carlyle Full Monty - Squattrinati organizzati
10%
1993 James Ivory Quel che resta del giorno
10%
1992 Al Pacino Scent of a Woman - Profumo di donna
9%
1990 Patrick Swayze Ghost - Fantasma
8%
1990 Robert de Niro Risvegli
8%
1991 Warren Beatty Bugsy
7%
1992 Neil Jordan La moglie del soldato
7%
1992 Jack Nicholson Codice d'onore
6%
1993 Daniel Day-Lewis Nel nome del padre
6%
1991 Barbra Streisand Il principe delle maree
5%
1991 Oliver Stone JFK - Un caso ancora aperto
5%
1999 Michael Caine Le regole della casa del sidro
5%
1994 John Turturro Quiz Show
5%
1996 Mike Leigh Segreti e bugie
5%
1991 Gary Trousdale / Kirk Wise La bella e la bestia
4%
1999 Michael Mann Insider - Dietro la verità
3%
1995 Chris Noonan Babe - Maialino coraggioso
2%
Nessun quiz corrispondente trovato
Distribuzione punteggi
Percentuale di utenti per punteggio
Percentile per numero di risposta
I tuoi punteggi nel tempo
Non hai fatto questo quiz